| 000 | 00842nam a22001577a 4500 | ||
|---|---|---|---|
| 003 | OSt | ||
| 005 | 20151120144154.0 | ||
| 008 | 151120b xxu||||| |||| 00| 0 eng d | ||
| 040 | _cRUA | ||
| 082 | _aFIS ឡេង 1996 B161 Or.1 | ||
| 100 |
_93959 _aឡេង ស៊ីវណ្ណ |
||
| 245 | _aTrap pond mapping as atool to identify fish deficit areas in sray chrum and kompong ro district of svay rieng, ការធ្វើផែនទីនៃផលិតផលត្រីក្នុងប្រព័ន្ធបៀរដើម្បីកំណត់តំបន់ខ្សត់ត្រីក្នុងស្រុកស្វាយជ្រុំ និងស្រុកកំពង់រោទ៍ ខេត្តស្វាយរៀង | ||
| 260 |
_aPhnom Penh _bRUA _c1996 |
||
| 300 |
_a59p. _bill. _c29cm. |
||
| 942 |
_2ddc _cFIS |
||
| 999 |
_c3680 _d3680 |
||